01364 2200397 4500001002100000005001500021035002000036007000300056008004100059020002200100082001500122084001700137100002600154245018700180250003100367300005300398650002200451700003300473700002800506700003400534700003100568700003000599700003100629700002300660700002500683264005000708336002100758337003000779338002300809040002200832090002200854850001200876504003400888999002200922990002200944INLIS00000000088255120231017093655 a0010-1023000333ta231010s2023 yoia g ind d a978-623-359-158-404223a001.42 a001.42 SUS m0 aSusetiawanePengarang10aMetode penelitian pembangunan sosial /cSusetiawan, Janianton Damanik, Krisdyatmiko, S. Djuni Prihatin, Suzanna Eddyono, Hempri Suyatna, Milda L. Pinem, Soetomo; penyunting, Nanik A. aCetakan pertama: Juli 2023 axv, 250 halaman :bbagan, gambar, tabel ;c23 cm 4aMetode penelitian0 aJanianton DamanikePengarang0 aKrisdyatmikoePengarang1 aDjuni Prihatin, S.ePengarang0 aSuzanna EddyonoePengarang0 aHempri SuyatnaePengarang3 aPinem, Milda L.ePengarang0 aSoetomoePengarang0 aNanik A.ePenyunting31aSleman :bGadjah Mada University Press,c2023 2rdacontentateks 2rdamediaatanpa perantara 2rdacarrieravolume aYOPDYOGbindcrda aCB-D.11 2023-2473 aYOPDYOG aBibliografi : halaman 229-246 aCB-D.11/2023-2473 aCB-D.11/2023-2473